[Event "Nuremberg Zabo op 13th"]
[Site "Nuremberg"]
[Date "2011.09.18"]
[Round "5"]
[White "Schilay, Lorenz"]
[Black "Deinlein, Albert"]
[Result "0-1"]
[WhiteElo "1354"]
[BlackElo "1709"]
[PlyCount "146"]
[EventDate "2011.09.16"]
[EventType "swiss"]
[EventRounds "5"]
[EventCountry "GER"]
[SourceTitle "EXT 2013"]
[Source "ChessBase"]
[SourceDate "2012.11.22"]
[SourceVersion "1"]
[SourceVersionDate "2012.11.22"]
[SourceQuality "1"]

1. e4 e5 2. Nf3 Nc6 3. Bc4 Be7 4. Nc3 Nf6 5. d3 0-0 6. Be3 a6 7. a3 d6 8. 0-0 Bg4 9. Nd5 Nxd5 10. Bxd5 Rb8 11. c3 Bf6 12. b4 Ne7 13. Ba2 b6 14. d4 exd4 15. cxd4 c5 16. Rc1 cxd4 17. Bxd4 Bxf3 18. gxf3 Ng6 19. Kh1 Nf4 20. Be3 Be5 21. Rg1 h5 22. Rc2 Kh7 23. Bd4 Qf6 24. Bxe5 dxe5 25. Qd2 Rfd8 26. Qe1 Rd3 27. Rc3 Rbd8 28. Bc4 Rxc3 29. Qxc3 Rc8 30. Qb3 Rd8 31. Qa2 b5 32. Bxf7 Rd3 33. Bg8+ Kh8 34. Qf7 Qxf7 35. Bxf7 Rxf3 36. Rg3 Rxf2 37. Kg1 Rd2 38. Rf3 g6 39. Be8 Kg7 40. Kf1 Rxh2 41. Bc6 Rd2 42. Bb7 Rd6 43. Rc3 g5 44. Rc7+ Kf6 45. Rc6 Rxc6 46. Bxc6 Ne6 47. Be8 h4 48. Kg2 g4 49. Bh5 Kg5 50. Bf7 Nc7 51. Kh2 Kf4 52. Bd5 Nxd5 53. exd5 Kf5 54. Kg2 e4 55. Kf2 h3 56. Kg3 e3 57. d6 e2 58. Kf2 e1Q+ 59. Kxe1 h2 60. Ke2 h1Q 61. Kd3 Qe4+ 62. Kc3 Ke5 63. d7 Qd4+ 64. Kb3 Ke4 65. a4 Qd3+ 66. Kb2 Qxd7 67. axb5 axb5 68. Ka3 Kd3 69. Kb3 Kd2 70. Ka2 Kc2 71. Ka1 Qd1+ 72. Ka2 Qb1+ 73. Ka3 Qb3# 0-1

[Event "Nuremberg LGA Cup 6th"]
[Site "Nuremberg"]
[Date "2009.09.05"]
[Round "5"]
[White "Deinlein, Albert"]
[Black "Poppe, Wolfgang"]
[Result "1-0"]
[WhiteElo "1942"]
[BlackElo "1526"]
[PlyCount "31"]
[EventDate "2009.09.03"]
[EventType "swiss"]
[EventRounds "7"]
[EventCountry "GER"]
[SourceTitle "CBM 132 Extra"]
[Source "ChessBase"]
[SourceDate "2009.11.03"]
[SourceVersion "1"]
[SourceVersionDate "2009.11.03"]
[SourceQuality "1"]

1. e4 e5 2. Nf3 Nc6 3. Bc4 Bc5 4. b4 Bxb4 5. c3 Be7 6. Qb3 Na5 7. Bxf7+ Kf8 8. Qa4 Nc6 9. Bxg8 Kxg8 10. Qb3+ Kf8 11. 0-0 Bf6 12. Bb2 d6 13. d4 Qe7 14. dxe5 dxe5 15. Ba3 Qxa3 16. Nxa3 1-0

[Event "Nuremberg LGA Cup 6th"]
[Site "Nuremberg"]
[Date "2009.09.04"]
[Round "2"]
[White "Deinlein, Albert"]
[Black "Kregelin, Jan"]
[Result "0-1"]
[WhiteElo "1942"]
[BlackElo "2123"]
[PlyCount "81"]
[EventDate "2009.09.03"]
[EventType "swiss"]
[EventRounds "7"]
[EventCountry "GER"]
[SourceTitle "CBM 132 Extra"]
[Source "ChessBase"]
[SourceDate "2009.11.03"]
[SourceVersion "1"]
[SourceVersionDate "2009.11.03"]
[SourceQuality "1"]

1. e4 c6 2. d4 d5 3. e5 Bf5 4. Bd3 Bxd3 5. Qxd3 e6 6. Nf3 Qb6 7. 0-0 Ne7 8. Nbd2 Nd7 9. Nb3 Nf5 10. Bd2 Bb4 11. c3 Be7 12. Rfc1 a5 13. a4 Qxb3 14. Be3 0-0 15. Nd2 Qb6 16. c4 Qa6 17. Qc2 dxc4 18. Nxc4 Nb6 19. Nd2 Rfd8 20. Nf3 Rac8 21. g4 Nxe3 22. fxe3 c5 23. Qf2 Qd3 24. Rc3 Qe4 25. h3 cxd4 26. exd4 Nd5 27. Re1 Qg6 28. Rxc8 Rxc8 29. Rd1 Bg5 30. Nh4 Qh6 31. Ng2 Be3 32. Nxe3 Qxe3 33. Qxe3 Nxe3 34. Rd3 Nd5 35. Rb3 b6 36. Rd3 Rc2 37. b3 Rc3 38. Rxc3 Nxc3 39. Kf1 h5 40. Ke1 Kh7 41. Kd2 0-1

[Event "Nuremberg LGA Cup 5th"]
[Site "Nuremberg"]
[Date "2008.09.06"]
[Round "5.67"]
[White "Deinlein, Albert"]
[Black "Kretschmer, Wolfgang2222"]
[Result "0-1"]
[WhiteElo "1969"]
[BlackElo "1730"]
[PlyCount "64"]
[EventDate "2008.09.04"]
[EventType "swiss"]
[EventRounds "7"]
[EventCountry "GER"]
[SourceTitle "EXT 2022"]
[Source "ChessBase"]
[SourceDate "2021.10.06"]
[SourceVersion "1"]
[SourceVersionDate "2021.10.06"]
[SourceQuality "1"]

1. e4 c5 2. c3 Nf6 3. e5 Nd5 4. Nf3 Nc6 5. d4 cxd4 6. cxd4 e6 7. Nc3 Nxc3 8. bxc3 d6 9. Ba3 Qa5 10. Qb3 dxe5 11. Bxf8 Kxf8 12. Nxe5 Nxe5 13. dxe5 Qxe5+ 14. Be2 g6 15. Rd1 Kg7 16. Qc4 b6 17. f4 Qf6 18. Bf3 Rb8 19. Qc7 Ba6 20. Rd4 Rbc8 21. Qxa7 Rxc3 22. Qxb6 Rc1+ 23. Rd1 Qc3+ 24. Kf2 Rc2+ 25. Kg3 Rxa2 26. Rc1 Qb2 27. Qd6 Rf8 28. Qc7 Kg8 29. h4 Qf2+ 30. Kh3 Be2 31. Qc6 Ra3 32. Qc2 Rxf3+ 0-1

[Event "Nuremberg LGA Cup 5th"]
[Site "Nuremberg"]
[Date "2008.09.05"]
[Round "3"]
[White "Deinlein, Albert"]
[Black "Mihok, Laszlo"]
[Result "0-1"]
[WhiteElo "1969"]
[BlackElo "2142"]
[PlyCount "38"]
[EventDate "2008.09.04"]
[EventType "swiss"]
[EventRounds "7"]
[EventCountry "GER"]
[SourceTitle "CBM 126 Extra"]
[Source "ChessBase"]
[SourceDate "2008.11.05"]
[SourceVersion "1"]
[SourceVersionDate "2008.11.05"]
[SourceQuality "1"]

1. e4 e5 2. Nf3 Nf6 3. Nxe5 d6 4. Nf3 Nxe4 5. d4 d5 6. Bd3 Bd6 7. Qe2 0-0 8. Be3 f5 9. 0-0 Nd7 10. c4 c6 11. Qc2 Ndf6 12. c5 Bc7 13. a3 Kh8 14. Nc3 Ng4 15. Rae1 Nxe3 16. Rxe3 g5 17. Rd1 g4 18. Bxe4 fxe4 19. Nd2 Bxh2+ 0-1

[Event "Nuremberg-ch op 05th"]
[Site "Nuremberg"]
[Date "2005.05.08"]
[Round "5"]
[White "Classen, Anton"]
[Black "Deinlein, Albert"]
[Result "1-0"]
[WhiteElo "1546"]
[BlackElo "1621"]
[PlyCount "73"]
[EventDate "2005.05.06"]
[EventType "swiss"]
[EventRounds "5"]
[EventCountry "GER"]
[SourceTitle "EXT 2007"]
[Source "ChessBase"]
[SourceDate "2006.11.23"]
[SourceVersion "1"]
[SourceVersionDate "2006.11.23"]
[SourceQuality "1"]

1. e4 e5 2. Nf3 Nc6 3. Bc4 Nd4 4. Nxd4 exd4 5. 0-0 Bc5 6. d3 d6 7. f4 Nf6 8. e5 Ng4 9. e6 Ne3 10. exf7+ Kf8 11. Bxe3 dxe3 12. d4 Bb6 13. Kh1 d5 14. Bb3 c6 15. c3 Qh4 16. Qe2 Bg4 17. Qxe3 Kxf7 18. g3 Qf6 19. Bd1 Rhe8 20. Qc1 Bh3 21. Rg1 Qe6 22. Bf3 Re7 23. Nd2 Rae8 24. Nb3 Bf5 25. Qd1 Qe3 26. Kg2 Be4 27. Rf1 Bf5 28. Bg4 Bxg4 29. Qxg4 Qd3 30. Rf2 Re2 31. Raf1 Qe4+ 32. Qf3 Qxf3+ 33. Kxf3 R2e3+ 34. Kg2 g6 35. Nd2 Bc7 36. Nf3 Kg7 37. Ne5 1-0

[Event "Nuremberg-ch op 05th"]
[Site "Nuremberg"]
[Date "2005.05.08"]
[Round "4"]
[White "Deinlein, Albert"]
[Black "Noettling, Dominik"]
[Result "1/2-1/2"]
[WhiteElo "1621"]
[BlackElo "1322"]
[PlyCount "93"]
[EventDate "2005.05.06"]
[EventType "swiss"]
[EventRounds "5"]
[EventCountry "GER"]
[SourceTitle "EXT 2007"]
[Source "ChessBase"]
[SourceDate "2006.11.23"]
[SourceVersion "1"]
[SourceVersionDate "2006.11.23"]
[SourceQuality "1"]

1. e4 e5 2. Nf3 Nc6 3. c3 Nf6 4. d3 Be7 5. Be2 d5 6. Qc2 dxe4 7. dxe4 Bg4 8. 0-0 0-0 9. Rd1 Bd6 10. Bg5 h6 11. Bh4 Qe7 12. Nbd2 Rfe8 13. b4 Rad8 14. a3 Rd7 15. Nc4 Red8 16. Rd2 Bxf3 17. Bxf3 b5 18. Ne3 Qe6 19. Bxf6 Qxf6 20. Bg4 Re7 21. Nd5 Qg5 22. Nxe7+ Bxe7 23. Rxd8+ Bxd8 24. Qe2 a6 25. Rd1 h5 26. Bh3 g6 27. Qd3 Qf6 28. Bd7 Be7 29. Bxc6 Qxc6 30. Qd7 Qf6 31. Qe8+ Kg7 32. Rd7 Qg5 33. g3 Qc1+ 34. Kg2 Qc2 35. Qxe7 Qxe4+ 36. Kf1 Qh1+ 37. Ke2 Qe4+ 38. Kd2 Qf5 39. f4 exf4 40. Rd8 f3 41. h4 f2 42. Qf8+ Kf6 43. Qh8+ Ke6 44. Re8+ Kd7 45. Rd8+ Ke6 46. Qe8+ Kf6 47. Qh8+ 1/2-1/2

[Event "Nuremberg-ch op 04th"]
[Site "Nuremberg"]
[Date "2004.05.23"]
[Round "5"]
[White "Lenz, Harald"]
[Black "Deinlein, Albert"]
[Result "1-0"]
[WhiteElo "1759"]
[BlackElo "1595"]
[PlyCount "65"]
[EventDate "2004.05.21"]
[EventType "swiss"]
[EventRounds "5"]
[EventCountry "GER"]
[SourceTitle "EXT 2006"]
[Source "ChessBase"]
[SourceDate "2005.11.24"]
[SourceVersion "1"]
[SourceVersionDate "2005.11.24"]
[SourceQuality "1"]

1. d4 d5 2. c4 e6 3. e3 Nf6 4. Qc2 c6 5. Nf3 Nbd7 6. Nc3 a6 7. Bd2 dxc4 8. Bxc4 b5 9. Bd3 Bb7 10. Ne4 h6 11. Nxf6+ Nxf6 12. Ne5 Rc8 13. Bg6 c5 14. Nxf7 Qd5 15. Nxh8+ Kd7 16. f3 cxd4 17. Qd3 Bc5 18. e4 Qc4 19. Qxc4 bxc4 20. Nf7 Ke7 21. 0-0 c3 22. Bf4 d3+ 23. Kh1 cxb2 24. Rab1 Ba3 25. Ne5 Rc3 26. Rfd1 d2 27. Bxd2 Rc2 28. Bf4 a5 29. Nf7 Nd7 30. e5 Rc4 31. Be3 Nc5 32. Nd6 Rb4 33. Bxc5 1-0

[Event "Nuremberg-ch op 03rd"]
[Site "Nuremberg"]
[Date "2003.05.31"]
[Round "2"]
[White "Lange, Carsten"]
[Black "Deinlein, Albert"]
[Result "1/2-1/2"]
[WhiteElo "1995"]
[BlackElo "1496"]
[PlyCount "80"]
[EventDate "2003.05.30"]
[EventType "swiss"]
[EventRounds "5"]
[EventCountry "GER"]
[SourceTitle "EXT 2006"]
[Source "ChessBase"]
[SourceDate "2005.11.24"]
[SourceVersion "1"]
[SourceVersionDate "2005.11.24"]
[SourceQuality "1"]

1. c4 e5 2. Nc3 Nf6 3. g3 c6 4. d4 exd4 5. Qxd4 d5 6. cxd5 Nxd5 7. Nxd5 Qxd5 8. Qxd5 cxd5 9. Bg2 Be6 10. Nh3 Bb4+ 11. Bd2 Nc6 12. Nf4 Rd8 13. Bxb4 Nxb4 14. 0-0 Nc6 15. Rfd1 Ne7 16. Rd2 g5 17. Nxe6 fxe6 18. Rc1 Rc8 19. Rxc8+ Nxc8 20. e4 dxe4 21. Bxe4 b6 22. Bc6+ Ke7 23. Rd7+ Kf6 24. Be4 h6 25. f3 a5 26. Kf2 Ke5 27. Ke3 Rf8 28. Rh7 Nd6 29. Bd3 Rf6 30. Rd7 Nf5+ 31. Bxf5 exf5 32. f4+ gxf4+ 33. gxf4+ Ke6 34. Rd8 Ke7 35. Rd5 Re6+ 36. Re5 Kf6 37. Rxe6+ Kxe6 38. Kd4 Kd6 39. a4 h5 40. Kc4 Kc6 1/2-1/2